000 00487nam a22001817a 4500
005 20251108171037.0
008 250721s1986 xx 000 0 ara d
082 1 4 _a344.09564/صال
100 1 _aصالح، عبد الجواد
245 1 0 _aالأوامر العسكرية الإسرائيلية /
264 _c1986.
300 _a4ج.
650 1 7 _aالقانون العسكري
650 1 7 _aإسرائيل
650 1 7 _aفلسطين
942 _2ddc
_cBK
999 _c55165
_d55165